| 000 | 00485nam a2200157Ia 4500 | ||
|---|---|---|---|
| 008 | 220216s9999 xx 000 0 und d | ||
| 100 |
_aMonestier M _cet al |
||
| 245 | 3 | _aAn Electrophysiological study of laticifers of Hevea brasiliensis. The effect of glucose and sucrose | |
| 260 |
_bRevue Generale des Caoutchoucs et Plastiques _c1989 |
||
| 300 | _a685-772 | ||
| 500 | _aSource Year: 1992 | ||
| 650 | _aHevea brasiliensis | ||
| 650 | _aLaticifer | ||
| 856 | _uHOA | ||
| 942 | _cJS | ||
| 999 |
_c54123 _d54123 |
||